00462nam a2200181Ia 4500008004100000020001400041245002400055245005800079260001500137260001600152260000900168300001400177300002500191300001000216440002700226500000800253999001900261170705s9999 xx 000 0 und d a59044185x aBuzz said the bee / cWendy Cheyette Lewison ; illustrated by Hans Wilhelm. aNew York : bScholastic, c1992 aunpaged : bcolor illustration ; c23cm. aHello reader! Level 1. a410 c336943d336943